Statistics for Donna Summer GK

Click here to take the quiz!

General Stats

  • This quiz has been taken 12 times
  • The average score is 9 of 15

Answer Stats

QuestionAnswer% Correct
Who did Donna originally write Dim All The Lights for before deciding to keep it for herself?Rod Stewart
100%
In what year was Donna born?1948
83%
The songs Lucky, On My Honour & Journey To The Centre Of Your Heart are from which of Donna's albums?Bad Girls
83%
Who produced Donna's 1982 self titled album?Quincy Jones
83%
In which year did Donna pass away?2012
67%
What was Donna's only UK number 1 single?I Feel Love
67%
Which day of the year was Donna's birthday?New Year's Eve
67%
Donna's 1982 single State Of Independence reached number 41 in the US chart, but which position did it reach in the UK?14
50%
The Hostage was a top 10 hit for Donna in The Netherlands before she hit world wide with Love To Love You Baby .. but in what year?1974
50%
How Many US Number 1 singles did Donna have?4
50%
Which of Donna's albums was produced by Stock, Aitken & Waterman?Another Place And Time
50%
In which city was Donna born?Boston
50%
Which group provided co-vocals on the single Heaven Knows?Brooklyn Dreams
50%
Who was co-vocalist with Donna on the song Never Lose Your Sense Of Humour?Paul Jabara
50%
Which ABBA song was inspired by Hot Stuff?Gimme Gimme Gimme
17%

Score Distribution

Percentile by Number Answered

Percent of People with Each Score

Your Score History

You have not taken this quiz